[Event "International Championship of Central Serbia 2015 - OPEN A"]
[Site "Paracin, hotel Petrus"]
[Date "2015.07.04"]
[Round "2.51"]
[White "Stojkovska, Monika"]
[Black "Lekic, Lazar"]
[Result "1/2-1/2"]
[WhiteElo "2061"]
[BlackElo "2235"]
[PlyCount "100"]
[EventDate "2015.07.03"]

1. e4 c5 2. Nf3 e6 3. d4 cxd4 4. Nxd4 a6 5. Nc3 Qc7 6. Bd3 Nf6 7. O-O d6 8. Kh1
Nbd7 9. f4 b5 10. Qe2 b4 11. Nd1 Bb7 12. Bd2 Nc5 13. Nf2 d5 14. e5 Nfe4 15.
Bxe4 Nxe4 16. Nd3 Qc4 17. Be3 g6 18. Qe1 a5 19. g4 h5 20. f5 hxg4 21. fxe6
O-O-O 22. b3 Qa6 23. Rxf7 g3 24. e7 Rxh2+ 25. Kg1 Bxe7 26. Rxe7 Rdh8 27. Re6
Qa8 28. Rxg6 Rh1+ 29. Kg2 Rxe1 30. Rxe1 Qb8 31. Rg7 Ba8 32. Rh1 Rxh1 33. Rg8+
Kc7 34. Ne6+ Kd7 35. Rxb8 Rh2+ 36. Kg1 d4 37. Ndc5+ Nxc5 38. Nxc5+ Kc7 39. Na6+
Kd7 40. Nc5+ Kc7 41. Na6+ Kd7 42. Rxa8 dxe3 43. Nc5+ Ke7 44. Ra7+ Ke8 45. Rxa5
Rxc2 46. Nd3 Rd2 47. Nf4 e2 48. Nxe2 Rxe2 49. Rb5 Ke7 50. Rxb4 Rxa2 1/2-1/2

[Event "International Championship of Central Serbia 2015 - OPEN A"]
[Site "Paracin, hotel Petrus"]
[Date "2015.07.04"]
[Round "2.52"]
[White "Sorgic, Dragan"]
[Black "Konstantinov, Aleksandar"]
[Result "1/2-1/2"]
[WhiteElo "2234"]
[BlackElo "2046"]
[PlyCount "57"]
[EventDate "2015.07.03"]

1. e4 e6 2. Qe2 c5 3. Nf3 Nc6 4. d3 Nge7 5. g3 g6 6. Bg2 Bg7 7. O-O d5 8. Re1
O-O 9. e5 Nf5 10. c3 b5 11. Bg5 f6 12. exf6 Bxf6 13. Bxf6 Qxf6 14. Nbd2 b4 15.
Ne5 Nxe5 16. Qxe5 Qxe5 17. Rxe5 bxc3 18. bxc3 Rb8 19. Nf3 Rb2 20. Ree1 Nd6 21.
a4 c4 22. dxc4 Ne4 23. cxd5 exd5 24. c4 Nxf2 25. cxd5 Nh3+ 26. Bxh3 Bxh3 27.
Ng5 Rg2+ 28. Kh1 Rff2 29. Nxh3 1/2-1/2

[Event "International Championship of Central Serbia 2015 - OPEN A"]
[Site "Paracin, hotel Petrus"]
[Date "2015.07.04"]
[Round "2.53"]
[White "Vassilev, Martin"]
[Black "Gajic, Mladen"]
[Result "0-1"]
[WhiteElo "2030"]
[BlackElo "2227"]
[PlyCount "82"]
[EventDate "2015.07.03"]

1. e4 Nc6 2. Nf3 d6 3. d4 Nf6 4. Nc3 g6 5. Bc4 Bg7 6. h3 O-O 7. Qe2 Nd7 8. Be3
Nb6 9. Bb3 Na5 10. g4 c6 11. Nd2 Nxb3 12. axb3 f5 13. gxf5 gxf5 14. Bg5 fxe4
15. Ndxe4 Bf5 16. Rg1 Bg6 17. Qe3 Qd7 18. h4 Qe6 19. Bh6 Rf7 20. Bxg7 Rxg7 21.
O-O-O Nd5 22. Nxd5 cxd5 23. Ng5 Qxe3+ 24. fxe3 Rc8 25. c3 Bf5 26. Kd2 Rf8 27.
Rdf1 h6 28. Nf3 Rxg1 29. Nxg1 Bg4 30. Rxf8+ Kxf8 31. Ne2 Bxe2 32. Kxe2 Kf7 33.
Kf3 Kf6 34. Kg4 b5 35. b4 e5 36. Kh5 Kg7 37. Kg4 Kg6 38. Kg3 Kf5 39. Kf3 a6 40.
b3 h5 41. c4 e4+ 0-1

[Event "International Championship of Central Serbia 2015 - OPEN A"]
[Site "Paracin, hotel Petrus"]
[Date "2015.07.04"]
[Round "2.54"]
[White "Djokic, Nebojsa"]
[Black "Vasova, Maria"]
[Result "1-0"]
[WhiteElo "2224"]
[BlackElo "2022"]
[PlyCount "112"]
[EventDate "2015.07.03"]

1. e4 c6 2. d4 d5 3. e5 Bf5 4. Nf3 e6 5. Be2 Nd7 6. O-O Bg6 7. Nbd2 Nh6 8. Nb3
Nf5 9. a4 a5 10. Bd2 Be7 11. c4 dxc4 12. Bxc4 O-O 13. Qe1 b6 14. Rc1 Nb8 15.
Qe2 Bh5 16. Bc3 Nh4 17. Qe3 Nxf3+ 18. gxf3 Na6 19. f4 Nb4 20. Bxb4 Bxb4 21. Bd3
Qd7 22. Rc2 Rac8 23. Rfc1 Rc7 24. Bb5 Rfc8 25. Rxc6 Rxc6 26. Rxc6 Rxc6 27. Qe4
Qd5 28. Qxd5 exd5 29. Bxc6 Bf3 30. h3 Be1 31. Kf1 Bb4 32. Kg1 Be1 33. Kf1 Bb4
34. Nc1 Bd2 35. Ne2 Kf8 36. Nc3 Bxf4 37. Bxd5 Bxd5 38. Nxd5 Bc1 39. Nxb6 Bxb2
40. d5 Bc3 41. Ke2 Ke7 42. Nc4 f6 43. e6 g5 44. Kd3 Bb4 45. Ke4 h5 46. f3 Bc3
47. Kf5 Bb4 48. Kg6 h4 49. Kf5 Bc3 50. d6+ Ke8 51. Nb6 Be5 52. d7+ Kd8 53. Nd5
g4 54. fxg4 Bf4 55. Nxf4 Ke7 56. Ng6+ Kd8 1-0

[Event "International Championship of Central Serbia 2015 - OPEN A"]
[Site "Paracin, hotel Petrus"]
[Date "2015.07.04"]
[Round "2.55"]
[White "Naik, Rishubh Naresh"]
[Black "Stanojevic, Branko"]
[Result "0-1"]
[WhiteElo "2007"]
[BlackElo "2223"]
[PlyCount "56"]
[EventDate "2015.07.03"]

1. d4 Nf6 2. Nf3 g6 3. g3 c5 4. d5 Bg7 5. Bg2 d6 6. O-O O-O 7. c4 b5 8. cxb5 a6
9. bxa6 Nbd7 10. Nc3 Bxa6 11. Qc2 Qa5 12. Rd1 Rfb8 13. e4 Ng4 14. Bf1 Rb7 15.
a4 Nge5 16. Nd2 c4 17. Ra3 Rab8 18. Nb5 Bxb5 19. axb5 Qxb5 20. Nxc4 Nxc4 21.
Bxc4 Qc5 22. b3 Ne5 23. Kg2 Rb4 24. Bd3 Nxd3 25. Qxd3 Rd4 26. Qf3 Rxd1 27. Qxd1
Rc8 28. b4 Qxc1 0-1

[Event "International Championship of Central Serbia 2015 - OPEN A"]
[Site "Paracin, hotel Petrus"]
[Date "2015.07.04"]
[Round "2.56"]
[White "Popovic, Djordje D"]
[Black "Martynov, Petr"]
[Result "1-0"]
[WhiteElo "2219"]
[BlackElo "1932"]
[PlyCount "99"]
[EventDate "2015.07.03"]

1. d4 Nf6 2. c4 e6 3. Nc3 Bb4 4. e3 O-O 5. a3 Bxc3+ 6. bxc3 b6 7. Bd3 Bb7 8. f3
d5 9. cxd5 Nxd5 10. Ne2 Qg5 11. Kf2 Qh4+ 12. g3 Qd8 13. Qc2 f5 14. Rf1 Qf6 15.
Kg1 Qh6 16. Qd2 Qh5 17. c4 Nf6 18. Nf4 Qe8 19. d5 exd5 20. cxd5 Qd7 21. Ne6 Rf7
22. Bxf5 Qxd5 23. Qxd5 Bxd5 24. Rd1 Nc6 25. e4 Bc4 26. Bf4 Be2 27. Rd2 Bxf3 28.
Ng5 Bh5 29. Be6 Nd8 30. Bxf7+ Nxf7 31. Nxf7 Bxf7 32. Bxc7 Nxe4 33. Rd8+ Rxd8
34. Bxd8 b5 35. Be7 Bc4 36. Bb4 Nf6 37. Re1 Nd5 38. Re8+ Kf7 39. Ra8 g5 40.
Rxa7+ Kg6 41. Bf8 h5 42. Rg7+ Kf5 43. Be7 Nxe7 44. Rxe7 Kg4 45. a4 Kf3 46. a5
b4 47. Rb7 b3 48. Rb4 Bd5 49. a6 Ke3 50. a7 1-0

[Event "International Championship of Central Serbia 2015 - OPEN A"]
[Site "Paracin, hotel Petrus"]
[Date "2015.07.04"]
[Round "2.57"]
[White "Kucuksari, Kaan"]
[Black "Kett, Tim"]
[Result "0-1"]
[WhiteElo "1981"]
[BlackElo "2219"]
[PlyCount "86"]
[EventDate "2015.07.03"]

1. d4 Nf6 2. Nf3 d5 3. c4 e6 4. g3 dxc4 5. Qa4+ Nbd7 6. Bg2 a6 7. Qxc4 b5 8.
Qc2 Bb7 9. Bd2 c5 10. O-O Rc8 11. Qd1 cxd4 12. Nxd4 Bxg2 13. Kxg2 Bc5 14. Nb3
O-O 15. Nxc5 Nxc5 16. Bb4 Qb6 17. Bxc5 Qxc5 18. Nc3 Rfd8 19. Qb3 b4 20. Na4 Qb5
21. Rac1 h5 22. Rxc8 Rxc8 23. Re1 h4 24. e4 Qh5 25. gxh4 Qxh4 26. Qg3 Qh6 27.
h4 Rc2 28. e5 Nd5 29. Qg5 Qxg5+ 30. hxg5 Kh7 31. Kg3 Kg6 32. Re4 Kf5 33. Rh4
Kxg5 34. Rh8 Kf5 35. Rf8 f6 36. exf6 gxf6 37. Ra8 Rc6 38. f3 e5 39. Rd8 Nf4 40.
Rb8 Rc2 41. Rxb4 Kg5 42. Rxf4 exf4+ 43. Kh3 Rf2 0-1